Twenty-One Days in India, or, the Tour Of Sir Ali Baba K.C.B.; and, the Teapot Series (Record no. 242323)
[ view plain ]
| 000 -LEADER | |
|---|---|
| fixed length control field | 00862cam a22002653a 4500 |
| 001 - CONTROL NUMBER | |
| control field | 13068 |
| 003 - CONTROL NUMBER IDENTIFIER | |
| control field | PGUSA |
| 005 - DATE AND TIME OF LATEST TRANSACTION | |
| control field | 20140828083300.0 |
| 008 - FIXED-LENGTH DATA ELEMENTS--GENERAL INFORMATION | |
| fixed length control field | 040731s2004||||xxu|||||s|||||000 | eng d |
| 040 ## - CATALOGING SOURCE | |
| Original cataloging agency | PGUSA |
| Language of cataloging | eng |
| 042 ## - AUTHENTICATION CODE | |
| Authentication code | dc |
| 050 #4 - LIBRARY OF CONGRESS CALL NUMBER | |
| Classification number | DS |
| 100 1# - MAIN ENTRY--PERSONAL NAME | |
| Personal name | Aberigh-Mackay, George, |
| Dates associated with a name | 1848-1881 |
| 245 10 - TITLE STATEMENT | |
| Title | Twenty-One Days in India, or, the Tour Of Sir Ali Baba K.C.B.; and, the Teapot Series |
| Medium | [electronic resource] / |
| Statement of responsibility, etc | George Aberigh-Mackay |
| 260 ## - PUBLICATION, DISTRIBUTION, ETC. (IMPRINT) | |
| Name of publisher, distributor, etc | Project Gutenberg, |
| Date of publication, distribution, etc | 2004 |
| 506 ## - RESTRICTIONS ON ACCESS NOTE | |
| Terms governing access | Public domain in the USA. |
| 516 ## - TYPE OF COMPUTER FILE OR DATA NOTE | |
| Type of computer file or data note | Electronic text |
| 653 ## - INDEX TERM--UNCONTROLLED | |
| Uncontrolled term | India -- Description and travel |
| 653 ## - INDEX TERM--UNCONTROLLED | |
| Uncontrolled term | India -- Politics and government -- 1765-1947 |
| 653 ## - INDEX TERM--UNCONTROLLED | |
| Uncontrolled term | India -- Social life and customs |
| 740 0# - ADDED ENTRY--UNCONTROLLED RELATED/ANALYTICAL TITLE | |
| Uncontrolled related/analytical title | 21 days in India |
| 830 #0 - SERIES ADDED ENTRY--UNIFORM TITLE | |
| Uniform title | Project Gutenberg |
| Volume number/sequential designation | 13068 |
| 856 40 - ELECTRONIC LOCATION AND ACCESS | |
| Uniform Resource Identifier | <a href="http://www.gutenberg.org/ebooks/13068">http://www.gutenberg.org/ebooks/13068</a> |
| 942 ## - ADDED ENTRY ELEMENTS (KOHA) | |
| Koha item type | eBooks |
| Withdrawn status | Lost status | Damaged status | Home library | Current library | Date acquired | Total Checkouts | Date last seen | Price effective from | Koha item type |
|---|---|---|---|---|---|---|---|---|---|
| Project Gutenberg | Project Gutenberg | 08/28/2014 | 08/28/2014 | 08/28/2014 | eBooks |